• 首页
  • 本馆介绍
  • 公告通知
  • 最新文献
  • 馆藏检索
  • 电子资源
  • 读者导购
  • 参考咨询
  • 我的图书馆
  • 登录
  • 详细信息显示
  • 放入我的书架
  • 预约/预借图书
  • 作者相关作品
  • 分类相关作品
  • 丛书相关作品
  • 出版社相关作品

书目信息

  • 表格格式
  • 工作单格式
  • 卡片格式
题名:
电动力学解题指导
    
 
作者: 郑春开 编著
分册:  
出版信息: 北京   北京大学出版社  2004
页数: 276页
开本: 26cm
丛书名:
单 册:
中图分类: O442-44
科图分类:
主题词: 电磁学 , 电动力学
电子资源:
ISBN: 7-301-08104-9
000 00559nam0 2200193 450
001 0735592734
005 20070906095312.73
010    @a7-301-08104-9@d¥15.00
100    @a20070906d km y0chiy0120 ea
101 0  @achi
200 1  @a电动力学解题指导@Adian dong li xue jie ti zhi dao@f郑春开编著@Fzheng chun kai bian zhu
210    @a北京@c北京大学出版社@d2004
215    @a276页@d26cm
606 0  @a电磁学
606 0  @a电动力学
690    @aO442-44@v3
701  0 @a郑春开@Azheng chun kai@4编著
801  0 @aCN@bPFT@c20070906
905    @a213230@dO442-44@ep12@f1
    
    电动力学解题指导/郑春开编著.-北京:北京大学出版社,2004
    276页;26cm
    
    
    ISBN 7-301-08104-9:¥15.00
    
●
相关链接 在E读中查询图书 在五车中查询图书 在当当中查询图书 在豆瓣中查询图书


正题名:电动力学解题指导     索取号:O442-44/p12         预约/预借

序号 登录号 条形码 馆藏地/架位号 状态 备注
1 7201863   272018559   密集书库-物理学院/ [索取号:O442-44/p12] 在馆    
唐山师范学院图书馆 欢迎您!
大连网信软件有限公司© 版权所有